Statistiques concernant Trouvez les figures de style dans ce texte

Cliquez ici pour prendre le quiz!

Statistiques générales

  • Ce quiz a été pris 804 fois
  • Le résultat moyen est 4 sur 8

Réponses sur la Carte

Les réponses sont colorées sur une échelle allant du rouge au vert en fonction du pourcentage des utilisateurs qui les ont devinées à leur premier essai. Vous pouvez retrouver ces pourcentages ci-dessous.
 

Statistiques - réponses

CouleursFigures de style% Correct
VertComparaison
83%
OrangeAllitération
70%
OliveComparaison
56%
BleuAntithèse
55%
RoseHyperbole/Métaphore
51%
VioletPériphrase
38%
JaunePériphrase
29%
RougePériphrase
23%

Distribution des résultats

Percentile par nombre de réponses

% des personnes avec chaque résultat

Votre développement - résultats

Vous n’avez pas pris ce quiz